[Event "EUROPA -CHAMPIONS LEGAUE"]
[Site "SchemingMind.com"]
[Date "2008.04.01"]
[Round "-"]
[White "SLAINTIE MHATH"]
[Black "JOZIN Z BAZIN"]
[Result "0-1"]
[WhiteCountry "POL"]
[BlackCountry "POL"]
[WhiteElo "1608"]
[WhiteRD "49"]
[BlackElo "1866"]
[BlackRD "129"]
[GameID "148663"]

1. e4 g6 2. d4 f5 3. exf5 gxf5 4. Bc4 Nf6 5. Nf3 d5 6. Bb3 Nc6 7. O-O Qd6 8. h3 Bg7 9. Nc3 Rg8 10. Be3 f4
11. Bd2 Ne4 12. Nxd5 Qg6 13. Nxc7+ Kf8 14. Nxa8 Bxh3 15. g3 fxg3 16. Kh1 Bxf1 17. Qxf1 g2+ 18. Qxg2 Bxd4 19. Ng5 Bxf2 20. Ne6+ Ke8
21. Nec7+ Kd8 22. Qh3 Ng3+ 23. Kh2 Rg7 24. Ba5 b6 25. Nxb6 Nf5 26. Qd3+ Ncd4 27. Bd5 Qh5+ 28. Qh3 Bg3+ 29. Kg2 Bxc7+ 30. Kf2 Qxh3
31. Rg1 Qe3+ 32. Kf1 Qe2#
0-1

[Event "EUROPA -CHAMPIONS LEGAUE"]
[Site "SchemingMind.com"]
[Date "2008.04.02"]
[Round "-"]
[White "dalac"]
[Black "SLAINTIE MHATH"]
[Result "1-0"]
[WhiteCountry "ITA"]
[BlackCountry "POL"]
[WhiteElo "1990"]
[WhiteRD "79"]
[BlackElo "1589"]
[BlackRD "54"]
[GameID "148848"]

1. e4 e5 2. Nf3 Nf6 3. Nxe5 d6 4. Nxf7 Kxf7 5. Bc4+ Be6 6. Bxe6+ Kxe6 7. d4 Kf7 8. O-O Nxe4 9. Qf3+ Nf6 10. c4 c6
11. Bg5 Be7 12. Nc3 Nd7 13. Rfe1 h6 14. Bh4 g5 15. Bg3 Rg8 16. Re3 Qb6 17. Qf5 Rg6 18. Qe6+ Kg7 19. Qxe7+ Kh8 20. Qxd6 Qxb2
21. Rb1 Qc2 22. Be5 Re8 23. Qxd7 Rxe5 24. Qd8+ Re8 25. Rxe8+ Nxe8 26. Qxe8+ Rg8 27. Qe5+ Rg7 28. d5 Kg8 29. Re1 Rf7 30. f3 g4
31. Qd4 h5 32. Re2 Qc1+ 33. Kf2 Qg5 34. Re5 Qh4+ 35. Kg1 Rf5 36. g3 Qf6 37. Re8+ Kf7 38. Qxf6+ Rxf6 39. Rb8 gxf3 40. Ne4
1-0

[Event "EUROPA -CHAMPIONS LEGAUE"]
[Site "SchemingMind.com"]
[Date "2008.04.02"]
[Round "-"]
[White "dalac"]
[Black "JOZIN Z BAZIN"]
[Result "1-0"]
[WhiteCountry "ITA"]
[BlackCountry "POL"]
[WhiteElo "1903"]
[WhiteRD "90"]
[BlackElo "1866"]
[BlackRD "129"]
[GameID "148849"]

1. d4 f5 2. Nc3 e6 3. e4 Bb4 4. Bc4 d5 5. exd5 exd5 6. Bb3 Qe7+ 7. Qe2 Qxe2+ 8. Nxe2 Bxc3+ 9. Nxc3 c6 10. O-O Nf6
11. Re1+ Ne4 12. f3 O-O 13. fxe4 fxe4 14. Nxe4 Re8 15. Nf6+ gxf6 16. Rxe8+ Kf7 17. Rxc8 Ke7 18. Bf4 Kd7 19. Rxb8
1-0

[Event "EUROPA -CHAMPIONS LEGAUE"]
[Site "SchemingMind.com"]
[Date "2008.04.03"]
[Round "-"]
[White "SLAINTIE MHATH"]
[Black "dalac"]
[Result "0-1"]
[WhiteCountry "POL"]
[BlackCountry "ITA"]
[WhiteElo "1589"]
[WhiteRD "54"]
[BlackElo "1990"]
[BlackRD "79"]
[GameID "148850"]

1. Nf3 d5 2. b3 Nc6 3. e3 Bg4 4. h3 Bh5 5. Bb2 e6 6. Bb5 Bd6 7. Bxg7 Nh6 8. Bxh8 f6 9. Bxc6+ bxc6 10. g4 Bg6
11. Nh4 Qe7 12. g5 fxg5 13. Nxg6 hxg6 14. Bc3 Kd7 15. d3 Rf8 16. Qe2 Qf7 17. Nd2 g4 18. O-O-O Ba3+ 19. Kb1 gxh3 20. Rxh3 Nf5
21. Rdh1 Kd6 22. e4 d4 23. e5+ Kc5 24. Ne4+ Kb6 25. Rh7 Qe8 26. Bb2 Bxb2 27. Kxb2 a5 28. c4 c5 29. Nf6 Qc6 30. Nd5+ exd5
31. e6 dxc4 32. bxc4 Re8 33. e7 Rxe7 34. Rh8 Rxe2+ 35. Ka1 Ka7 36. Rb1 Qa4
0-1

[Event "EUROPA -CHAMPIONS LEGAUE"]
[Site "SchemingMind.com"]
[Date "2008.04.03"]
[Round "-"]
[White "JOZIN Z BAZIN"]
[Black "dalac"]
[Result "0-1"]
[WhiteCountry "POL"]
[BlackCountry "ITA"]
[WhiteElo "1595"]
[WhiteRD "62"]
[BlackElo "1990"]
[BlackRD "79"]
[GameID "148851"]

1. Nf3 d5 2. e3 Bg4 3. h3 Bh5 4. b3 Nd7 5. Nc3 Ngf6 6. Bb2 e5 7. g4 Nxg4 8. hxg4 Bxg4 9. Nxd5 e4 10. Rh3 Bxh3
11. Bxh3 exf3 12. Qxf3 f6 13. Qe4+ Be7 14. O-O-O Nc5 15. Qf3 c6 16. Nxe7 Qxe7 17. Qh5+ g6 18. Qf3 O-O 19. Rg1 Ne4 20. Bf5 Ng5
21. Rxg5 fxg5 22. Qe4 Qxe4 23. Bxe4 Rxf2 24. Bd3 b5 25. c4 a6 26. Kd1 Rd8 27. Kc2 Re8 28. a4 b4 29. e4 c5 30. e5 Rf4
31. Kd1 g4 32. Ke2 a5 33. Ke3 g3 34. Kxf4 g2 35. Be4 g1=Q 36. Bd5+ Kf8 37. e6 Qf2+ 38. Ke5 Rd8 39. Be4 Qg3+ 40. Kf6 Qf4+
0-1

[Event "EUROPA -CHAMPIONS LEGAUE"]
[Site "SchemingMind.com"]
[Date "2008.04.07"]
[Round "-"]
[White "agarr"]
[Black "dalac"]
[Result "0-1"]
[WhiteCountry "RUS"]
[BlackCountry "ITA"]
[WhiteElo "1772"]
[WhiteRD "63"]
[BlackElo "1943"]
[BlackRD "85"]
[GameID "149479"]

1. e4 c6 2. d4 d5 3. exd5 cxd5 4. Bb5+ Bd7 5. Bxd7+ Nxd7 6. Nf3 e6 7. O-O Bd6 8. Nc3 a6 9. Bg5 Ngf6 10. h3 O-O
11. Re1 b5 12. Ne5 Qc7 13. f4 Ne8 14. Qg4 Ndf6 15. Qh4 h6 16. Bxf6 Nxf6 17. Re2 Be7 18. Qf2 Nd7 19. Rae1 Nxe5 20. fxe5 Qd8
21. Re3 Ra7 22. Ne2 b4 23. c4 bxc3 24. Nxc3 Bb4 25. a3 Bxc3 26. Rxc3 Qd7 27. Rec1 Raa8 28. Rc7 Qb5 29. Re7 Rae8 30. Rec7 Qd3
31. R1c6 f6 32. Rc3 Qe4 33. Ra7 fxe5 34. Qg3 Qxd4+ 35. Kh2 Qxa7
0-1

[Event "EUROPA -CHAMPIONS LEGAUE"]
[Site "SchemingMind.com"]
[Date "2008.04.07"]
[Round "-"]
[White "agarr"]
[Black "SLAINTIE MHATH"]
[Result "1-0"]
[WhiteCountry "RUS"]
[BlackCountry "POL"]
[WhiteElo "1772"]
[WhiteRD "63"]
[BlackElo "1655"]
[BlackRD "50"]
[GameID "149480"]

1. e4 e5 2. Nf3 Nf6 3. Bc4 Nc6 4. O-O Nxe4 5. Re1 d5 6. Bb5 Bg4 7. d3 Nd6 8. Rxe5+ Be7 9. Bxc6+ bxc6 10. Qe1 Bxf3
11. gxf3 Qd7 12. Nc3 h6 13. Na4 Kf8 14. Nc5 Qd8 15. Bf4 g6 16. Re6 Nf5 17. Be5 Bxc5 18. Bf6 fxe6 19. Bxd8 Rxd8 20. Qxe6 Kg7
21. Qxc6 Bd6 22. Qa4 d4 23. Qxa7 Nh4 24. Qxd4+ Kh7 25. Qxh4 Rdf8 26. Kg2 Rf4 27. Qh3 Rhf8 28. Re1 Rxf3 29. Qxf3 Rxf3 30. Kxf3 Bxh2
31. Re7+ Kg8 32. Kg4 Bd6 33. Rd7 Kf8 34. Rh7 h5+ 35. Kg5 Be7+ 36. Kxg6 Ke8 37. Rxh5 c5 38. f4
1-0

[Event "EUROPA -CHAMPIONS LEGAUE"]
[Site "SchemingMind.com"]
[Date "2008.04.07"]
[Round "-"]
[White "agarr"]
[Black "JOZIN Z BAZIN"]
[Result "1/2-1/2"]
[WhiteCountry "RUS"]
[BlackCountry "POL"]
[WhiteElo "1772"]
[WhiteRD "63"]
[BlackElo "1821"]
[BlackRD "77"]
[GameID "149481"]

1. e4 e5 2. Nf3 Nf6 3. Bc4 Nc6 4. O-O Nxe4 5. Re1 d5 6. Bb3 f6 7. d3 Ng5 8. Nc3 Be6 9. Bxg5 fxg5 10. Nxe5 Qf6
11. Bxd5 Nxe5 12. d4 Bxd5 13. Rxe5+ Be6 14. Nd5 Qf7 15. Rxe6+ Kd7 16. Re5 Bd6 17. Qg4+ Kc6 18. Re6 Rae8 19. Nb4+ Kb5 20. Qxg5+ Kxb4
21. a3+ Kc4 22. b3+ Kc3 23. Qe3+ Kb2 24. Qc1+=
1/2-1/2

[Event "EUROPA -CHAMPIONS LEGAUE"]
[Site "SchemingMind.com"]
[Date "2008.04.08"]
[Round "-"]
[White "dalac"]
[Black "agarr"]
[Result "1-0"]
[WhiteCountry "ITA"]
[BlackCountry "RUS"]
[WhiteElo "1943"]
[WhiteRD "85"]
[BlackElo "1772"]
[BlackRD "63"]
[GameID "149482"]

1. d4 d5 2. c4 e6 3. Nf3 Nf6 4. Nc3 Bb4 5. Qc2 Ne4 6. Ne5 O-O 7. e3 Bxc3+ 8. bxc3 Nd7 9. Nxd7 Bxd7 10. cxd5 exd5
11. Bd3 Bf5 12. O-O Bg6 13. f3 Nf6 14. e4 h6 15. e5 Bxd3 16. Qxd3 Nh7 17. f4 c6 18. f5 Ng5 19. Bxg5 Qxg5 20. Rf3 b5
21. Rg3 Qh5 22. Rf1 Kh8 23. Rff3 f6 24. Rg6 fxe5 25. dxe5 Rae8 26. e6 Rf6 27. Rxf6 gxf6 28. Qd4 Qg5 29. h4 Qc1+ 30. Kh2
1-0

[Event "EUROPA -CHAMPIONS LEGAUE"]
[Site "SchemingMind.com"]
[Date "2008.04.08"]
[Round "-"]
[White "SLAINTIE MHATH"]
[Black "agarr"]
[Result "0-1"]
[WhiteCountry "POL"]
[BlackCountry "RUS"]
[WhiteElo "1655"]
[WhiteRD "50"]
[BlackElo "1772"]
[BlackRD "63"]
[GameID "149483"]

1. Nf3 Nf6 2. g3 d5 3. d3 Nc6 4. Bg5 h6 5. Bxf6 exf6 6. a3 Bd6 7. Nbd2 Be6 8. Bg2 O-O 9. h3 Ne7 10. O-O Qd7
11. Kh2 f5 12. e3 c6 13. b4 g5 14. c4 f4 15. c5 fxg3+ 16. fxg3 Bc7 17. d4 Nf5 18. Ne5 Bxe5 19. dxe5 Nxe3 20. Qh5 Nxf1+
21. Rxf1 Kg7 22. Rf6 Rh8 23. g4 b6 24. Nf3 d4 25. Nd2 d3 26. Be4 Qd4 27. Bg6 Qxe5+ 28. Kg1 Qe3+ 29. Kh1 Bd5+ 30. Be4 Bxe4+
31. Nxe4 Qxe4+ 32. Kh2 Kxf6
0-1

[Event "EUROPA -CHAMPIONS LEGAUE"]
[Site "SchemingMind.com"]
[Date "2008.04.08"]
[Round "-"]
[White "JOZIN Z BAZIN"]
[Black "agarr"]
[Result "1-0"]
[WhiteCountry "POL"]
[BlackCountry "RUS"]
[WhiteElo "1821"]
[WhiteRD "77"]
[BlackElo "1772"]
[BlackRD "63"]
[GameID "149484"]

1. Nf3 Nf6 2. b3 d6 3. g3 e5 4. d3 Nc6 5. Bg5 Be7 6. Bg2 h6 7. Bxf6 Bxf6 8. Nc3 d5 9. Nd2 Be6 10. O-O O-O
11. e3 a6 12. Ne2 Nb4 13. a3 Nc6 14. c4 e4 15. d4 dxc4 16. bxc4 Bg4 17. Bxe4 h5 18. f3 Bh3 19. Rf2 g5 20. Rb1 Rb8
21. f4 gxf4 22. Nxf4 Bg4 23. Bf3 Bxf3 24. Qxf3 Bg5 25. Nxh5 Qe7 26. Ne4 f5 27. Nxg5 Qxg5 28. Qd5+ Kh7 29. Qd7+ Kh8 30. Nf4 Qe7
31. Ng6+
1-0

[Event "EUROPA -CHAMPIONS LEGAUE"]
[Site "SchemingMind.com"]
[Date "2008.04.11"]
[Round "-"]
[White "janez"]
[Black "agarr"]
[Result "1-0"]
[WhiteCountry "SLO"]
[BlackCountry "RUS"]
[WhiteElo "1742"]
[WhiteRD "70"]
[BlackElo "1772"]
[BlackRD "63"]
[GameID "149495"]

1. e4 e5 2. Nf3 Nc6 3. Bb5 Bc5 4. Bxc6 dxc6 5. O-O Bg4 6. h3 Bh5 7. d3 h6 8. Nbd2 Nf6 9. Nc4 Bd6 10. g4 Bg6
11. Ncxe5 Qe7 12. Nxg6 fxg6 13. e5 O-O-O 14. exd6 Qxd6 15. Re1 h5 16. Ne5 hxg4 17. hxg4 Rh3 18. g5 Rdh8 19. Bf4
1-0

[Event "EUROPA -CHAMPIONS LEGAUE"]
[Site "SchemingMind.com"]
[Date "2008.04.11"]
[Round "-"]
[White "janez"]
[Black "dalac"]
[Result "0-1"]
[WhiteCountry "SLO"]
[BlackCountry "ITA"]
[WhiteElo "1712"]
[WhiteRD "70"]
[BlackElo "1988"]
[BlackRD "86"]
[GameID "149496"]

1. e3 d5 2. d4 Nf6 3. Nf3 Bg4 4. Be2 Nc6 5. h3 Bh5 6. Nbd2 e6 7. O-O Bd6 8. b3 O-O 9. c4 dxc4 10. bxc4 Bb4
11. Rb1 a5 12. a3 Bxd2 13. Bxd2 b6 14. Rb5 Na7 15. Rb2 Rb8 16. Re1 Nc6 17. Qa4 Bxf3 18. Bxf3 Ne7 19. Reb1 Qd7 20. Qc2 Rbc8
21. c5 Nfd5 22. e4 Nf6 23. e5 Nfd5 24. Be4 f5 25. Bf3 Nc6 26. cxb6 Nxd4 27. Qd3 Nxf3+ 28. Qxf3 cxb6 29. g3 Rc6 30. Be3 Rc3
31. Qe2 Rxa3 32. Qd2 Rc8 33. Bxb6 Nxb6 34. Qg5 Nd5 35. Rb7 Nc7 36. Qc1 Rd3 37. Kh2 Rd5 38. Qc3 Rd2 39. Kg1 a4 40. Rc1 Rd1+
41. Rxd1 Qxd1+ 42. Kh2 Qe2 43. Kg1 Rd8 44. Rb1 Rd2 45. Rb8+ Kf7 46. Qxc7+ Kg6 47. Qc5 Rd1+ 48. Kg2 Qf1+ 49. Kf3 Qh1+ 50. Kf4 Qe4#
0-1

[Event "EUROPA -CHAMPIONS LEGAUE"]
[Site "SchemingMind.com"]
[Date "2008.04.12"]
[Round "-"]
[White "janez"]
[Black "SLAINTIE MHATH"]
[Result "0-1"]
[WhiteCountry "SLO"]
[BlackCountry "POL"]
[WhiteElo "1742"]
[WhiteRD "70"]
[BlackElo "1655"]
[BlackRD "50"]
[GameID "149497"]

1. e4 e5 2. Nf3 Nf6 3. Nc3 Bb4 4. Nd5 Nxd5 5. exd5 d6 6. a3 Bc5 7. b4 Bb6 8. c4 Bg4 9. h3 Bh5 10. Be2 Qf6
11. Bb2 Nd7 12. O-O Bxf3 13. Bxf3 O-O 14. a4 Rae8 15. Re1 Qh4 16. Re2 f5 17. d3 e4 18. dxe4 fxe4 19. g3 Qxh3 20. Bg2 Qh5
21. Qf1 e3 22. f3 Re4 23. a5 Bd4 24. Bxd4 Rxd4 25. Rxe3 Ne5 26. Rc1 Ng4 27. Re7 Qh2#
0-1

[Event "EUROPA -CHAMPIONS LEGAUE"]
[Site "SchemingMind.com"]
[Date "2008.04.12"]
[Round "-"]
[White "janez"]
[Black "JOZIN Z BAZIN"]
[Result "1-0"]
[WhiteCountry "SLO"]
[BlackCountry "POL"]
[WhiteElo "1710"]
[WhiteRD "69"]
[BlackElo "1595"]
[BlackRD "62"]
[GameID "149498"]

1. e4 e5 2. Nf3 Nf6 3. d3 Nc6 4. Be2 Bb4+ 5. c3 Bc5 6. b4 Bb6 7. b5 Ne7 8. Nxe5 d6 9. Nc4 h6 10. Nxb6 axb6
11. O-O Ng6 12. Bh5 Ne5 13. d4 Nxh5 14. dxe5 g6 15. exd6 Qxd6 16. Qxd6 cxd6 17. Be3 Ra4 18. f3 g5 19. Rd1 Ke7 20. Bxb6 g4
21. Bc7 gxf3 22. Bxd6+ Ke8 23. gxf3 Nf4 24. Bxf4 Rg8+ 25. Kf2 Ra5 26. c4 Bh3 27. Rg1 Rxg1 28. Kxg1 h5 29. Nd2 Ra3 30. Kf2 Rc3
31. a4 Bc8 32. a5 Kd7 33. a6 bxa6 34. bxa6 Kc6 35. a7
1-0

[Event "EUROPA -CHAMPIONS LEGAUE"]
[Site "SchemingMind.com"]
[Date "2008.04.09"]
[Round "-"]
[White "agarr"]
[Black "janez"]
[Result "1-0"]
[WhiteCountry "RUS"]
[BlackCountry "SLO"]
[WhiteElo "1763"]
[WhiteRD "67"]
[BlackElo "1710"]
[BlackRD "69"]
[GameID "149499"]

1. e4 e6 2. d4 d5 3. exd5 exd5 4. Nf3 Nf6 5. Bg5 Be7 6. Be2 h6 7. Bh4 Bf5 8. O-O O-O 9. Nc3 Nc6 10. Ne5 Nxe5
11. dxe5 Ne8 12. Bxe7 Qxe7 13. Qxd5 c6 14. Qd4 Bxc2 15. f4 c5 16. Nd5 cxd4 17. Nxe7+ Kh7 18. Bc4 Rd8 19. Nd5 g6 20. Rac1 Ba4
21. b3 Bc6 22. Ne7 Be4 23. Rfe1 Bf5 24. Nxf5 gxf5 25. Bd3 Ng7 26. Rc7 Rb8 27. Rec1 Kg6 28. g4 a6 29. R1c2 b5 30. Rg2 Kh7
31. gxf5 Nh5 32. f6+ Kh8 33. Rg4 Rb6 34. Be4 Re6 35. Bd5 Ree8 36. Rh4 Nxf6 37. exf6 Rd8 38. Rxf7 Rxf7 39. Bxf7 Kh7 40. Rg4 d3
41. Rg7+ Kh8 42. Bg6 d2 43. Rh7+ Kg8 44. f7+ Kf8 45. Rh8+ Ke7 46. Rxd8 Kxd8 47. f8=Q+ Kc7 48. Qe7+ Kb6 49. Qe3+
1-0

[Event "EUROPA -CHAMPIONS LEGAUE"]
[Site "SchemingMind.com"]
[Date "2008.04.09"]
[Round "-"]
[White "dalac"]
[Black "janez"]
[Result "1-0"]
[WhiteCountry "ITA"]
[BlackCountry "SLO"]
[WhiteElo "1990"]
[WhiteRD "79"]
[BlackElo "1710"]
[BlackRD "69"]
[GameID "149500"]

1. e4 e5 2. Nf3 d6 3. Bc4 Nf6 4. Nc3 h6 5. h3 a6 6. O-O b5 7. Bb3 c6 8. d3 b4 9. Ne2 a5 10. c3 d5
11. exd5 cxd5 12. Nxe5 Bd6 13. d4 O-O 14. Nf4 Bb7 15. Qf3 Nbd7 16. Ned3 Nb6 17. Nh5 Ne4 18. Bxh6 gxh6 19. Bc2 Ng5 20. Qe2 Re8
21. Qd2 Nc4 22. Qc1 bxc3 23. bxc3 Bc8 24. Ndf4 Bxf4 25. Qxf4 Ra6 26. h4 Nh7 27. Bxh7+ Kxh7 28. Qxf7+ Kh8 29. Qg7#
1-0

[Event "EUROPA -CHAMPIONS LEGAUE"]
[Site "SchemingMind.com"]
[Date "2008.04.09"]
[Round "-"]
[White "SLAINTIE MHATH"]
[Black "janez"]
[Result "1-0"]
[WhiteCountry "POL"]
[BlackCountry "SLO"]
[WhiteElo "1590"]
[WhiteRD "59"]
[BlackElo "1680"]
[BlackRD "69"]
[GameID "149501"]

1. Nf3 d6 2. g3 Bg4 3. Bg2 c6 4. b3 e5 5. d3 Nf6 6. Bg5 h6 7. Be3 Nbd7 8. Nbd2 d5 9. d4 e4 10. Ne5 Be6
11. h3 Nxe5 12. dxe5 Nd7 13. Bd4 Bb4 14. a3 c5 15. Bb2 Ba5 16. O-O Qc7 17. b4 cxb4 18. axb4 Bxb4 19. e3 Nxe5 20. f4 Nc6
21. Bxg7 Rh7 22. Bf6 Qb6 23. Qe2 Bc5 24. Rae1 a5 25. Rb1 Qc7 26. Be5 Nxe5 27. fxe5 Qxe5 28. Qb5+ Kd8 29. Qxc5 Qxg3 30. Rxb7 Bd7
31. Qf8+ Be8 32. Qe7+ Kc8 33. Rfb1 Rh8 34. Qc5+ Kd8 35. Qxd5+ Kc8 36. Qc5+ Kd8 37. Nxe4 Qg6 38. Qc7#
1-0

[Event "EUROPA -CHAMPIONS LEGAUE"]
[Site "SchemingMind.com"]
[Date "2008.04.09"]
[Round "-"]
[White "JOZIN Z BAZIN"]
[Black "janez"]
[Result "0-1"]
[WhiteCountry "POL"]
[BlackCountry "SLO"]
[WhiteElo "1544"]
[WhiteRD "60"]
[BlackElo "1712"]
[BlackRD "70"]
[GameID "149502"]

1. Nf3 d6 2. e3 Bg4 3. g3 Bxf3 4. Qxf3 d5 5. c4 e6 6. cxd5 exd5 7. Bb5+ c6 8. Ba4 Nf6 9. Nc3 Bb4 10. O-O Nbd7
11. Bc2 Ne5 12. Qg2 O-O 13. Ne2 c5 14. d4 cxd4 15. exd4 Nc6 16. Bg5 h6 17. Bxf6 Qxf6 18. Qxd5 Rad8 19. Qb5 Rd7 20. Rad1 a6
21. Qd3 g6 22. a3 Ba5 23. b4 Bb6 24. d5 Ne5 25. Qe4 Rfd8 26. Nf4 Re7 27. Rfe1 Rdd7 28. Qg2 Ng4 29. Nh3 Rxe1+ 30. Rxe1 Qb2
31. Re8+ Kg7 32. Qe4 Nf6 33. Qe2 Qxa3 34. Kg2 Qxb4 35. Re5 a5 36. Nf4 Bc7 37. Re3 Bxf4 38. gxf4 Qxf4 39. Bb3 Nxd5 40. Bxd5 Rxd5
41. Qb2+ Qf6 42. Qxb7 Rg5+ 43. Rg3 Rxg3+ 44. hxg3 h5 45. Qb5 Qd8 46. Kh3 Qc8+
0-1

[Event "EUROPA -CHAMPIONS LEGAUE"]
[Site "SchemingMind.com"]
[Date "2008.04.12"]
[Round "-"]
[White "lacus66"]
[Black "agarr"]
[Result "0-1"]
[WhiteCountry "HUN"]
[BlackCountry "RUS"]
[WhiteElo "1652"]
[WhiteRD "68"]
[BlackElo "1783"]
[BlackRD "64"]
[GameID "150210"]

1. d4 d5 2. e4 dxe4 3. Nc3 Nf6 4. f3 exf3 5. Nxf3 Bg4 6. h3 Bf5 7. g4 Bg6 8. Bg5 Ne4 9. Nxe4 Bxe4 10. Bg2 Qd5
11. O-O Nc6 12. c3 O-O-O 13. Be3 e6 14. b3 Ba3 15. c4 Qd6 16. Ng5 Bg6 17. Nxf7 Bxf7 18. Rxf7 Bb2 19. c5 Qg3 20. Bf2 Qc3
21. Rf3 Qb4 22. Be1 Qxd4+ 23. Qxd4 Bxd4+
0-1

[Event "EUROPA -CHAMPIONS LEGAUE"]
[Site "SchemingMind.com"]
[Date "2008.04.12"]
[Round "-"]
[White "lacus66"]
[Black "janez"]
[Result "0-1"]
[WhiteCountry "HUN"]
[BlackCountry "SLO"]
[WhiteElo "1670"]
[WhiteRD "68"]
[BlackElo "1742"]
[BlackRD "70"]
[GameID "150211"]

1. d4 e6 2. c4 Nf6 3. Nc3 c6 4. e4 d6 5. Bg5 Nbd7 6. Bd3 h6 7. Bxf6 Qxf6 8. Qf3 Qxd4 9. Nge2 Qf6 10. Qe3 d5
11. exd5 Bc5 12. Qg3 cxd5 13. cxd5 O-O 14. dxe6 fxe6 15. O-O Ne5 16. Rad1 Nxd3 17. Rxd3 b5 18. a3 a6 19. b4 Be7 20. Rf3 Qg5
21. Qxg5 Bxg5 22. Rxf8+ Kxf8 23. Ne4 Be7 24. Nd4 Bd7 25. Rc1 a5 26. Rc7 Ke8 27. Nc2 axb4 28. axb4 Bxb4 29. Nxb4 Ra1+
0-1

[Event "EUROPA -CHAMPIONS LEGAUE"]
[Site "SchemingMind.com"]
[Date "2008.04.12"]
[Round "-"]
[White "lacus66"]
[Black "dalac"]
[Result "0-1"]
[WhiteCountry "HUN"]
[BlackCountry "ITA"]
[WhiteElo "1652"]
[WhiteRD "68"]
[BlackElo "1903"]
[BlackRD "90"]
[GameID "150212"]

1. d4 Nf6 2. c4 g6 3. Nc3 Bg7 4. e4 d6 5. Bd3 O-O 6. Nge2 e5 7. d5 Nbd7 8. O-O Nc5 9. b4 Nxd3 10. Qxd3 a5
11. b5 Nh5 12. g3 f5 13. a4 fxe4 14. Nxe4 Bh3 15. Re1 Bg4 16. Ra2 Qd7 17. N2c3 Bf3 18. Re3 Qg4 19. Nd2 Nf4 20. Qf1 Nh3+
0-1

[Event "EUROPA -CHAMPIONS LEGAUE"]
[Site "SchemingMind.com"]
[Date "2008.04.12"]
[Round "-"]
[White "lacus66"]
[Black "SLAINTIE MHATH"]
[Result "0-1"]
[WhiteCountry "HUN"]
[BlackCountry "POL"]
[WhiteElo "1670"]
[WhiteRD "68"]
[BlackElo "1655"]
[BlackRD "50"]
[GameID "150213"]

1. d4 d5 2. e4 dxe4 3. Nc3 Bf5 4. f3 exf3 5. Nxf3 Bg4 6. Be2 e6 7. O-O Nc6 8. Ne5 Bxe2 9. Nxe2 Nxe5 10. dxe5 Bc5+
11. Kh1 Ne7 12. Bg5 h6 13. Qxd8+ Rxd8 14. Nf4 hxg5 15. Nd3 Bd4 16. c3 Bxc3 17. bxc3 Rxd3 18. Rac1 Nd5 19. c4 Ne3 20. Rf3 Rd1+
21. Rxd1 Nxd1 22. Kg1 g4 23. Rd3 Nb2 24. Rc3 O-O 25. Kf1 Rd8 26. Ke2 Nd3 27. Rxd3 Rxd3 28. Kxd3 f5 29. exf6 gxf6 30. Ke4 Kf7
31. g3 Ke7 32. Kf4 f5 33. Ke5 c5 34. a4 a5
0-1

[Event "EUROPA -CHAMPIONS LEGAUE"]
[Site "SchemingMind.com"]
[Date "2008.04.12"]
[Round "-"]
[White "lacus66"]
[Black "JOZIN Z BAZIN"]
[Result "1/2-1/2"]
[WhiteCountry "HUN"]
[BlackCountry "POL"]
[WhiteElo "1670"]
[WhiteRD "68"]
[BlackElo "1821"]
[BlackRD "77"]
[GameID "150214"]

1. d4 d5 2. e4 dxe4 3. Nc3 Bf5 4. f3 exf3 5. Nxf3 Bg4 6. h3 Bh5 7. g4 Bg6 8. Bc4 Nd7 9. Bf4 e6 10. h4 Bb4
11. h5 Bxc3+ 12. bxc3 Be4 13. Qe2 Bxf3 14. Qxf3 c6 15. O-O-O Qf6 16. Rhf1 g5 17. Be3 Qxf3 18. Rxf3 Nb6 19. Bb3 h6 20. c4 a5
21. a4 Ne7 22. Bd2=
1/2-1/2

[Event "EUROPA -CHAMPIONS LEGAUE"]
[Site "SchemingMind.com"]
[Date "2008.04.12"]
[Round "-"]
[White "agarr"]
[Black "lacus66"]
[Result "1/2-1/2"]
[WhiteCountry "RUS"]
[BlackCountry "HUN"]
[WhiteElo "1783"]
[WhiteRD "64"]
[BlackElo "1652"]
[BlackRD "68"]
[GameID "150215"]

1. e4 e6 2. d4 d5 3. exd5 exd5 4. Nf3 Bg4 5. Be2 Nf6 6. O-O Bd6 7. Bg5 O-O 8. Ne5 Bxe2 9. Qxe2 Re8 10. f4 Nbd7
11. Nc3 c5 12. Nxd5 cxd4 13. Qb5 Bxe5 14. fxe5 Rxe5 15. Bxf6 Nxf6 16. Nxf6+ gxf6 17. Qxb7 Qb8 18. Qf3 Qb6 19. Qxf6 Qxf6 20. Rxf6 Kg7
21. Raf1 Rf8 22. Rd6 Re2 23. Rxd4 Rxc2 24. Rd7 Rxb2 25. Rxa7 h6 26. a4 Ra2 27. a5 Kg6 28. Rb1 Re8 29. Rf1=
1/2-1/2

[Event "EUROPA -CHAMPIONS LEGAUE"]
[Site "SchemingMind.com"]
[Date "2008.04.12"]
[Round "-"]
[White "janez"]
[Black "lacus66"]
[Result "1-0"]
[WhiteCountry "SLO"]
[BlackCountry "HUN"]
[WhiteElo "1728"]
[WhiteRD "75"]
[BlackElo "1652"]
[BlackRD "68"]
[GameID "150216"]

1. e4 e6 2. Nf3 d5 3. e5 c5 4. Bb5+ Bd7 5. Qe2 a6 6. Bxd7+ Nxd7 7. O-O Ne7 8. d3 h6 9. c3 b5 10. b3 Ng6
11. Re1 Qc7 12. d4 c4 13. h4 h5 14. Ng5 f6 15. Nxe6 Qb7 16. exf6 Kf7 17. Ng5+ Kxf6 18. Qe6#
1-0

[Event "EUROPA -CHAMPIONS LEGAUE"]
[Site "SchemingMind.com"]
[Date "2008.04.12"]
[Round "-"]
[White "dalac"]
[Black "lacus66"]
[Result "1-0"]
[WhiteCountry "ITA"]
[BlackCountry "HUN"]
[WhiteElo "1903"]
[WhiteRD "90"]
[BlackElo "1652"]
[BlackRD "68"]
[GameID "150217"]

1. e4 e6 2. d4 d5 3. Nc3 Bb4 4. e5 c5 5. a3 Bxc3+ 6. bxc3 Ne7 7. Nf3 O-O 8. Bd3 c4 9. Bxh7+ Kxh7 10. Ng5+ Kg8
11. Qh5 Re8 12. Qh7+ Kf8 13. Qh8+ Ng8 14. Nh7+ Ke7 15. Bg5+ f6 16. Qxg7#
1-0

[Event "EUROPA -CHAMPIONS LEGAUE"]
[Site "SchemingMind.com"]
[Date "2008.04.13"]
[Round "-"]
[White "SLAINTIE MHATH"]
[Black "lacus66"]
[Result "1/2-1/2"]
[WhiteCountry "POL"]
[BlackCountry "HUN"]
[WhiteElo "1655"]
[WhiteRD "50"]
[BlackElo "1670"]
[BlackRD "68"]
[GameID "150218"]

1. Nf3 g6 2. g3 Bg7 3. Bg2 Nf6 4. O-O d5 5. d3 O-O 6. Nc3 c5 7. Bg5 d4 8. Bxf6 Bxf6 9. Ne4 Nd7 10. Bh3 Ne5
11. Bxc8 Nxf3+ 12. exf3 Rxc8 13. f4 e5 14. Nxf6+ Qxf6 15. Qd2 b6 16. fxe5 Qxe5 17. Rae1 Qf6 18. Re4 Rce8 19. Rfe1 Re6 20. f4 Rfe8
21. Qg2 Qf5 22. Rxe6 Rxe6 23. Rxe6 fxe6 24. Qa8+ Qf8 25. Qxa7 Qd8 26. Qb7 h5 27. Qc6 Kf7 28. h4 Kf6 29. Kf2 Kf7=
1/2-1/2

[Event "EUROPA -CHAMPIONS LEGAUE"]
[Site "SchemingMind.com"]
[Date "2008.04.13"]
[Round "-"]
[White "JOZIN Z BAZIN"]
[Black "lacus66"]
[Result "1/2-1/2"]
[WhiteCountry "POL"]
[BlackCountry "HUN"]
[WhiteElo "1821"]
[WhiteRD "77"]
[BlackElo "1670"]
[BlackRD "68"]
[GameID "150219"]

1. Nf3 Nf6 2. g3 g6 3. Bg2 Bg7 4. d3 d5 5. Bg5 O-O 6. Nc3 c6 7. O-O Nbd7 8. Bh3 h6 9. Bxf6 Nxf6 10. Bxc8 Qxc8
11. Kg2 a6 12. Rb1 Nd7 13. e4 Nc5 14. e5 e6 15. b4 Nd7 16. d4 b5 17. Qd3 f5 18. Nh4 g5 19. Nf3 Qe8 20. Qd2 g4
21. Nh4 Kh7 22. Ne2 Rf7 23. Nf4 Nf8 24. Qc3 Rc7 25. Qc5 Qe7 26. Qxe7 Rxe7 27. Kh1 Raa7=
1/2-1/2

[Event "EUROPA -CHAMPIONS LEGAUE"]
[Site "SchemingMind.com"]
[Date "2008.04.17"]
[Round "-"]
[White "kryspin11"]
[Black "agarr"]
[Result "1-0"]
[WhiteCountry "POL"]
[BlackCountry "RUS"]
[WhiteElo "2300"]
[WhiteRD "82"]
[BlackElo "1772"]
[BlackRD "63"]
[GameID "150324"]

1. c4 Nf6 2. Nc3 e5 3. Nf3 Bc5 4. e3 O-O 5. Nxe5 d6 6. Nd3 Bb6 7. Be2 Bf5 8. Nf4 c6 9. d4 Ba5 10. O-O Bxc3
11. bxc3 c5 12. f3 Nc6 13. e4 Bg6 14. dxc5 dxc5 15. Qc2 Ne7 16. Be3 b6 17. Rfd1 Qc7 18. a4 Qc6 19. Qd2 Qb7 20. e5 Nh5
21. Nd5
1-0